| 000 | 01042cam a22002653a 4500 | ||
|---|---|---|---|
| 001 | 4037 | ||
| 003 | PGUSA | ||
| 005 | 20140828083046.0 | ||
| 008 | 030501s2003||||xxu|||||s|||||000 | eng d | ||
| 040 |
_aPGUSA _beng |
||
| 042 | _adc | ||
| 050 | 4 | _aPR | |
| 100 | 1 |
_aPater, Walter, _d1839-1894 |
|
| 245 | 1 | 0 |
_aAppreciations, with an Essay on Style _h[electronic resource] / _cWalter Pater |
| 260 |
_bProject Gutenberg, _c2003 |
||
| 500 | _aUnaccented version in 7awae10.txt and 7awae10.zip, accented versions in 8awae10.txt and 8awae10.zip | ||
| 505 | 0 | _aStyle -- Wordsworth -- Coleridge -- Charles Lamb -- Sir Thomas Browne -- "Love's labours lost -- "Measure for measure." -- Shakespeare's English kings -- Dante Gabriel Rossetti -- Feuillet's "La morte" -- Postscript. | |
| 506 | _aPublic domain in the USA. | ||
| 516 | _aElectronic text | ||
| 653 | _aEnglish literature -- History and criticism | ||
| 653 | _aStyle, Literary | ||
| 830 | 0 |
_aProject Gutenberg _v4037 |
|
| 856 | 4 | 0 | _uhttp://www.gutenberg.org/ebooks/4037 |
| 942 | _cEB | ||
| 999 |
_c233366 _d233366 |
||